000 00608nam a2200193Ia 4500
003 GCL
008 140319s9999 xx 000 0 ara d
040 _aGCL /
_cGCL
082 0 4 _a813.03
_bم خ
100 1 _aمحمد حسين مؤنس
245 1 0 _aخطوات على الارض المحبوسة /
_cمحمد حسين مؤنس
300 _a219 ص
490 _aالهيئة العامة للاستعلامات
_v0
650 0 4 _aالادب العربى
650 0 4 _aالقصص التاريخية
650 0 4 _aالرواية العربية
650 0 4 _aمحمد حسين مؤنس
942 _2ddc
_cBK
999 _c50523
_d50523